000 00493nam a2200181 4500
003 SEACOMEC
005 20240904142746.0
008 240831b |||||||| |||| 00| 0 eng d
020 _a978-8120322585
_c250.00
040 _aSEACOMEC
082 _a572.80285
_bB496
100 _aBergeron, Bryan
245 _aBioinformatics computing/
_c Bryan Bergeron
260 _aNew Delhi
_bPrentice Hall
_c2006
300 _a439p; 24cm
650 _aMolecular biology -- Data processing
942 _cBOOK
999 _c1678
_d1678